John von Neumann : (Record no. 6197)
[ view plain ]
| 000 -LEADER | |
|---|---|
| fixed length control field | 00997nam a2200241 a 4500 |
| 001 - CONTROL NUMBER | |
| control field | 6197 |
| 003 - CONTROL NUMBER IDENTIFIER | |
| rucl marc code | BD-RjUL |
| 005 - DATE AND TIME OF LATEST TRANSACTION | |
| control field | 20211208234213.0 |
| 008 - FIXED-LENGTH DATA ELEMENTS--GENERAL INFORMATION | |
| fixed length control field | 170318s1963 enka b 000 0 eng d |
| 035 ## - SYSTEM CONTROL NUMBER | |
| System control number | (BD-RjUL)6237 |
| 040 ## - CATALOGING SOURCE | |
| Original cataloging agency | BD-RjUL |
| Language of cataloging | eng |
| Transcribing agency | BD-RjUL |
| Modifying agency | BD-RjUL |
| 041 ## - LANGUAGE CODE | |
| Language code of text/sound track or separate title | eng |
| 082 04 - DEWEY DECIMAL CLASSIFICATION NUMBER | |
| Classification number | 510 |
| Author mark and year | JOH 1963 |
| Edition number | 23 |
| 100 1# - MAIN ENTRY--PERSONAL NAME | |
| Personal name | , |
| 9 (RLIN) | 7001 |
| 245 10 - TITLE STATEMENT | |
| Title | John von Neumann : |
| Remainder of title | collected works / |
| Statement of responsibility, etc. | general editor A.H. Taub |
| 260 ## - PUBLICATION, DISTRIBUTION, ETC. (IMPRINT) | |
| Place of publication, distribution, etc. | Oxford : |
| Name of publisher, distributor, etc. | Pergamon Press, |
| Date of publication, distribution, etc. | 1963. |
| 300 ## - PHYSICAL DESCRIPTION | |
| Pagination | viii, 536p. : |
| Illustrations | ill. ; |
| Size | 25 cm |
| 504 ## - BIBLIOGRAPHY, ETC. NOTE | |
| Bibliography, etc | Include Bibliography. |
| 505 0# - FORMATTED CONTENTS NOTE | |
| Formatted contents note | Contents: V.1. Logic, theory of sets, and quantum mechanics -- v.2. operators, ergodic theory, almost periodic functions in a group -- v.3. Rings of operators -- v.4. Continuous geometry and other topics -- v.5. Design of computers, theory of automata, numerical analysis -- v.6. Theory of games, astrophysics, hydrodynamics and meteorology |
| 650 #0 - SUBJECT ADDED ENTRY--TOPICAL TERM | |
| Topical term or geographic name as entry element | Mathematics |
| 9 (RLIN) | 19485 |
| 700 1# - ADDED ENTRY--PERSONAL NAME | |
| Personal name | Taub, A. H. |
| Dates associated with a name | 1911- |
| 942 ## - ADDED ENTRY ELEMENTS (KOHA) | |
| Source of classification or shelving scheme | Dewey Decimal Classification |
| Koha item type | Books |
| Lost status | Source of classification or shelving scheme | Materials specified (bound volume or other part) | Damaged status | Not for loan | Collection code | Permanent Location | Current Location | Date acquired | Source of acquisition | Cost, normal purchase price | Total Checkouts | Full call number | Date last seen | Copy number | Koha item type |
|---|---|---|---|---|---|---|---|---|---|---|---|---|---|---|---|
| Dewey Decimal Classification | V-6 | Not For Loan | Non-fiction | Central Library, University of Rajshahi | Central Library, University of Rajshahi | 07/08/1965 | Zeitlinger | 0.00 | 510 JOH V-6 1963 | 09/01/2014 | C-1 | Books |